| 000 | 00486nam a2200145 4500 | ||
|---|---|---|---|
| 999 |
_c15447 _d15447 |
||
| 008 | 200527b ||||| |||| 00| 0 eng d | ||
| 022 | _a2094-8042 | ||
| 082 | _aDPer 370.105 M72 June 2010-Mar 2011 v. 59 n. 1-10 | ||
| 100 |
_aReyes, Jeolfa G. _942222 |
||
| 245 |
_aProblem solving/ _cJeolfa G. Reyes. |
||
| 260 |
_aPhilippines: _bIn the Grade School, Inc., _cc2010-2011. |
||
| 300 |
_av59 n4, pages 158-159; _c28 cm. |
||
| 650 |
_aMathematics _942161 _xProblem solving. |
||
| 942 |
_2ddc _cPER |
||